LEADER 01102nam a2200253 i 4500 001 991001724139707536 005 20020502201236.0 008 951011s1985 it ||| | || 035 $ab10897975-39ule_inst 035 $aLE02375382$9ExL 040 $aDip.to Studi Storici$bita 082 0 $a758.4 100 1 $aBologna, Ferdinando$033581 245 10$aPaesaggi e nature morte dall'Italia e dall'Europa del nord tra XVI e XVIII secolo :$bcatalogo della mostra, Roma, Galleria Cesare Lampronti, 12 novembre-30 dicembre 1985 /$ca cura di Ferdinando Bologna 260 $aRoma :$bDe Luca,$c1985 300 $a130 p. :$bill. ;$c25 cm. 650 4$aNatura morta$zEuropa$ySec.16.-18. 650 4$aPaesaggi$zEuropa$ySec. 16.-18 907 $a.b10897975$b21-09-06$c28-06-02 912 $a991001724139707536 945 $aLE023 758.4 PNM 1 2$g1$i2023000018484$lle023$o-$pE0.00$q-$rl$s- $t0$u1$v0$w1$x0$y.i11003844$z28-06-02 996 $aPaesaggi e nature morte dall'Italia e dall'Europa del nord tra XVI e XVIII secolo$9921085 997 $aUNISALENTO 998 $ale023$b01-01-95$cm$da $e-$feng$git $h0$i1 LEADER 02489 am 2200541 n 450 001 9910418012703321 005 20200624 010 $a979-1-03-655617-3 024 7 $a10.4000/books.etnograficapress.6697 035 $a(CKB)5340000000006364 035 $a(FrMaCLE)OB-etnograficapress-6697 035 $a(oapen)https://directory.doabooks.org/handle/20.500.12854/40620 035 $a(PPN)248894900 035 $a(EXLCZ)995340000000006364 100 $a20200721j|||||||| ||| 0 101 0 $apor 135 $auu||||||m|||| 181 $ctxt$2rdacontent 182 $cc$2rdamedia 183 $acr$2rdacarrier 200 10$aAlfaia agrícola portuguesa /$fErnesto Veiga de Oliveira, Fernando Galhano, Benjamim Pereira 210 $aLisboa $cEtnográfica Press$d2020 215 $a1 online resource (404 p.) 311 $a972-20-1235-5 330 $aEste livro, que teve a sua primeira edição em 1977, propõe a síntese final dos estudos que se reportam aos modos e meios de agir sobre a terra e as suas produções, num quadro de vida rural anterior às inovações técnicas e tecnológicas traduzidas pela introdução de equipamentos e maquinarias industriais. Reeditá-lo hoje é reafirmar a sua importância intrínseca de estudo etnológico de grande relevância para a análise comparada no contexto europeu em que investigações semelhantes foram produzidas. Mas, com a passagem do tempo e as profundas transformações ocorridas na sociedade rural portuguesa, julgamos que esta obra adquire uma nova dimensão e perspectiva, pois é já enquanto documento do passado que ela vai ajudar a fazer a história e a melhor perceber os homens e as suas relações, numa sociedade agora evanescente. 606 $aHistory 606 $acultura popular 606 $aPortugal 606 $atecnologia tradicional 606 $autensílio agrícola 610 $autensílio agrícola 610 $atecnologia tradicional 610 $acultura popular 610 $aPortugal 615 4$aHistory 615 4$acultura popular 615 4$aPortugal 615 4$atecnologia tradicional 615 4$autensílio agrícola 700 $aOliveira$b Ernesto Veiga de$01233318 701 $aGalhano$b Fernando$01233319 701 $aPereira$b Benjamim$0543027 701 $aBrito$b J. Pais de$01302633 801 0$bFR-FrMaCLE 906 $aBOOK 912 $a9910418012703321 996 $aAlfaia agrícola portuguesa$93026417 997 $aUNINA